Object oriented software design and construction with Java (Record no. 1418)

MARC details
000 -LEADER
fixed length control field 00403nam a2200145Ia 4500
008 - FIXED-LENGTH DATA ELEMENTS--GENERAL INFORMATION
fixed length control field 130318s9999 xx 000 0 und d
020 ## - INTERNATIONAL STANDARD BOOK NUMBER
International Standard Book Number 013011264x
082 ## - DEWEY DECIMAL CLASSIFICATION NUMBER
Classification number 005.133J KAF/O
100 ## - MAIN ENTRY--PERSONAL NAME
Personal name Kafura, Dennis
245 ## - TITLE STATEMENT
Title Object oriented software design and construction with Java
260 ## - PUBLICATION, DISTRIBUTION, ETC.
Name of publisher, distributor, etc. Prentice Hall
Place of publication, distribution, etc. New Jersey
Date of publication, distribution, etc. 2000
300 ## - PHYSICAL DESCRIPTION
Extent 656
650 ## - SUBJECT ADDED ENTRY--TOPICAL TERM
Topical term or geographic name entry element JAVA
650 ## - SUBJECT ADDED ENTRY--TOPICAL TERM
Topical term or geographic name entry element OBJECT ORIENTED PROGRAMMING
Holdings
Withdrawn status Lost status Damaged status Not for loan Collection code Home library Current library Date acquired Cost, normal purchase price Total Checkouts Full call number Barcode Date last seen Price effective from Koha item type
        Programming in JAVA Kerala University of Digital Sciences, Innovation and Technology Knowledge Centre Kerala University of Digital Sciences, Innovation and Technology Knowledge Centre 18/03/2013 2156.00   005.133J KAF/O 1425 18/03/2013 18/03/2013 Archives